| 000 | 00412nam a2200133Ia 4500 | ||
|---|---|---|---|
| 008 | 220216s9999 xx 000 0 und d | ||
| 100 | _aAhrens U | ||
| 245 | 0 | _aDetection of DNA of plant pathogenic mycoplasmalike organisms by aPolymerase Chain Reaction that amplifies a sequence of the 16SrRNA gene | |
| 260 |
_bPhytopathology _c1992 |
||
| 300 | _a828-31 | ||
| 650 | _aPCR | ||
| 700 | _aHanna W W | ||
| 942 | _cJS | ||
| 999 |
_c56852 _d56852 |
||